000 00622nam a2200217 a 4500
001 56743
003 BD-RjUL
005 20211209080428.0
008 161203s1959 nyu b 000 0 eng
035 _a(BD-RjUL)56867
040 _aDLC
_cOClU
_dOCoLC
_dBD-RjUL
_dDLC
_beng
041 _aeng
082 _223
_a170
_bEWS 1959
100 1 _aEwing, A. C.
_q(Alfred Cyril),
_d1899-1973.
_9138215
245 1 0 _aSecond thoughts in moral philosophy /
_cA. C. Ewing,
260 _aLondon :
_bRoutedge & kegan,
_c1959
300 _avii, 190 p. ;
_c23 cm.
500 _aIncludes Index
650 0 _aEthics.
_9168744
942 _2ddc
_cBK
999 _c56743
_d56743